header

How to display data (Record no. 175330)

MARC details
000 -LEADER
fixed length control field 01739nam a22003734a 4500
082 04 - DEWEY DECIMAL CLASSIFICATION NUMBER
Classification number 610.72/7
100 1# - MAIN ENTRY--AUTHOR NAME
Personal name Freeman, Jenny V.
245 10 - TITLE STATEMENT
Title How to display data
260 ## - PUBLICATION, DISTRIBUTION, ETC. (IMPRINT)
Place of publication Malden, Mass :
Name of publisher BMJ Books,
Year of publication 2008.
300 ## - PHYSICAL DESCRIPTION
Number of Pages vii, 109 p. :
Other physical details ill.
505 0# - FORMATTED CONTENTS NOTE
Formatted contents note Introduction to data display -- How to display data badly -- Displaying univariate categorical data -- Displaying quantitative data -- Displaying the relationship between two continuous variables -- Data in tables -- Reporting study results -- Time series plots and survival curves -- Displaying results in presentations.
650 #0 - SUBJECT ADDED ENTRY--TOPICAL TERM
Topical Term Medical writing.
Topical Term Medical statistics.
Topical Term Medicine
700 1# - ADDED ENTRY--PERSONAL NAME
Personal name Walters, Stephen John.
Personal name Campbell, Michael J.,
856 40 - ELECTRONIC LOCATION AND ACCESS
Uniform Resource Identifier http://site.ebrary.com/lib/rucke/Doc?id=10308173

No items available.

© 2026 Rongo University
Contact us: librarian | system librarian | Rongo university